• 首页
  • 本馆介绍
  • 公告通知
  • 最新文献
  • 馆藏检索
  • 电子资源
  • 读者导购
  • 参考咨询
  • 我的图书馆
  • 登录
  • 详细信息显示
  • 放入我的书架
  • 预约/预借图书
  • 作者相关作品
  • 分类相关作品
  • 丛书相关作品
  • 出版社相关作品

书目信息

  • 表格格式
  • 工作单格式
  • 卡片格式
题名:
布尔什维主义还是社会民主主义?
    
 
作者: 鲍威尔 , Bauer 著 ;史集 译
分册:  
出版信息: 北京   三联书店  1978
页数: 129页
开本: 20cm
丛书名:
单 册:
中图分类: D143
科图分类:
主题词: 第二国际-修正主义--理论--奥地利 , 修正主义-第二国际--理论--奥地利
电子资源:
ISBN:
000 01028nam0 2200325 45
001 0178003846
005 20060818170721.28
010    @dCNY0.49
091    @aCN@b3002.193
100    @a19950713d1978 emky0chiy0121 ea
101 1  @achi@cger
102    @aCN@b110000
105    @ay z 000yy
200 10 @a布尔什维主义还是社会民主主义?@Abu er shi wei zhu yi hai shi she hui min zhu zhu yi@f(奥)鲍威尔(O.BauerO)著@g史集译
210    @a北京@c三联书店@d1978
215    @a129页@d20cm
300    @a据维也纳人民书店1921年版译出
300    @a机会主义、修正主义资料
300    @a内部发行
300    @a书名原文:Bolschewismus oder Sozialdemokratie?
510 1  @aBBolschewismus oder Sozialdemokratie?@zger
606    @a第二国际-修正主义@x理论@y奥地利
606    @a修正主义-第二国际@x理论@y奥地利
610 0  @a布尔什维主义@a社会民主主义
690    @aD143@v3
701  1 @a鲍威尔@Abao wei er@bO.@4著
701 A1 @aBauer@bO.@4著
702  0 @a史集@Ashi ji@4译
801  0 @aCN@bTSSF@c20060818
905    @a10447@dD143@e8
    
    布尔什维主义还是社会民主主义?/(奥)鲍威尔(O.BauerO)著/史集译.-北京:三联书店,1978
    129页;20cm
    据维也纳人民书店1921年版译出.-机会主义、修正主义资料.-内部发行.-书名原文:Bolschewismus oder Sozialdemokratie?
    
    ISBN :CNY0.49
    
●
相关链接 在E读中查询图书 在五车中查询图书 在当当中查询图书 在豆瓣中查询图书


正题名:布尔什维主义还是社会民主主义?     索取号:D143/8         预约/预借

序号 登录号 条形码 馆藏地/架位号 状态 备注
1 0469277   204692779   密集书库/ [索取号:D143/8] 在馆    
唐山师范学院图书馆 欢迎您!
大连网信软件有限公司© 版权所有